<?xml version="1.0" encoding="UTF-8"?>
<record
    xmlns:xsi="http://www.w3.org/2001/XMLSchema-instance"
    xsi:schemaLocation="http://www.loc.gov/MARC21/slim http://www.loc.gov/standards/marcxml/schema/MARC21slim.xsd"
    xmlns="http://www.loc.gov/MARC21/slim">

  <leader>01033nam a2200253 a 4500</leader>
  <controlfield tag="001">BRCA_8821</controlfield>
  <controlfield tag="005">20190320210426.0</controlfield>
  <controlfield tag="008">260417s1712----sp-#######---#000-0#spa-#</controlfield>
  <datafield tag="041" ind1=" " ind2=" ">
    <subfield code="a">spa</subfield>
  </datafield>
  <datafield tag="044" ind1=" " ind2=" ">
    <subfield code="a">sp</subfield>
  </datafield>
  <datafield tag="084" ind1=" " ind2=" ">
    <subfield code="a">BE202</subfield>
    <subfield code="b">.V54 1712</subfield>
  </datafield>
  <datafield tag="100" ind1="1" ind2=" ">
    <subfield code="a">Vieyra, Antonio</subfield>
    <subfield code="d">1608 - 1697</subfield>
    <subfield code="9">21983</subfield>
  </datafield>
  <datafield tag="245" ind1="1" ind2="0">
    <subfield code="a">R.P. Anotnio Vieyra de la Compa&#xF1;&#xED;a de Jes&#xFA;s, sermones varios</subfield>
    <subfield code="c">traducidos en castellano de su original portugu&#xE9;s; tomo quarto.</subfield>
  </datafield>
  <datafield tag="260" ind1=" " ind2=" ">
    <subfield code="a">Madrid</subfield>
    <subfield code="b">En la Imprenta de Agust&#xED;n Fern&#xE1;ndez</subfield>
    <subfield code="c">1712</subfield>
  </datafield>
  <datafield tag="300" ind1=" " ind2=" ">
    <subfield code="a">[20], [54], 418 p.</subfield>
    <subfield code="c">15.7 x 10.5 cm.</subfield>
  </datafield>
  <datafield tag="500" ind1=" " ind2=" ">
    <subfield code="a">Con privilegio</subfield>
  </datafield>
  <datafield tag="500" ind1=" " ind2=" ">
    <subfield code="a">En portada: Hallar&#xE1;se en casa de Francisco P&#xE9;rez, Mercader de Libros, en la calle de Atocha, enfrente de la Aduana</subfield>
  </datafield>
  <datafield tag="500" ind1=" " ind2=" ">
    <subfield code="a">Estado f&#xED;sico: presenta encuadernaci&#xF3;n  restaurada en pergamino y  con cintas</subfield>
  </datafield>
  <datafield tag="650" ind1="1" ind2="4">
    <subfield code="a">Sermones portugueses</subfield>
    <subfield code="y">Obras anteriores a 1800</subfield>
    <subfield code="9">21984</subfield>
  </datafield>
  <datafield tag="700" ind1="1" ind2=" ">
    <subfield code="a">Fern&#xE1;ndez, Agust&#xED;n</subfield>
    <subfield code="e">Impresor</subfield>
    <subfield code="9">21985</subfield>
  </datafield>
  <datafield tag="700" ind1="1" ind2=" ">
    <subfield code="a">Perez, Francisco</subfield>
    <subfield code="e">mercader de libros</subfield>
    <subfield code="9">21986</subfield>
  </datafield>
  <datafield tag="902" ind1=" " ind2=" ">
    <subfield code="a">CFM</subfield>
  </datafield>
  <datafield tag="942" ind1=" " ind2=" ">
    <subfield code="2">lcc</subfield>
    <subfield code="c">B</subfield>
  </datafield>
  <datafield tag="999" ind1=" " ind2=" ">
    <subfield code="c">8472</subfield>
    <subfield code="d">8472</subfield>
  </datafield>
  <datafield tag="952" ind1=" " ind2=" ">
    <subfield code="0">0</subfield>
    <subfield code="1">0</subfield>
    <subfield code="4">0</subfield>
    <subfield code="7">0</subfield>
    <subfield code="a">BRCA</subfield>
    <subfield code="b">BRCA</subfield>
    <subfield code="d">2017-04-26</subfield>
    <subfield code="l">0</subfield>
    <subfield code="o">BE202 .V54 1712</subfield>
    <subfield code="p">CFM00148</subfield>
    <subfield code="r">2019-03-22 00:00:00</subfield>
    <subfield code="w">2019-03-22</subfield>
    <subfield code="y">B</subfield>
  </datafield>
</record>
